000 01050cam a22003017a 4500
003 CHAP
005 20220329135527.0
008 971013s1965 r 00010 d
010 _a38070
011 _a39042
035 _a43162
040 _cCHAP
090 _aFolleto 9490
100 0 0 _aMiranda, José.
_976126
245 1 3 _aLa función económica del encomendero en los orígenes del regimen colonial (Nueva España. 1525-1531)
260 _aMéxico, D.F. :
_bUniversidad Nacional Autónoma de México. Instituto de Investigaciones Históricas,
_c1965
300 _a51 p
490 0 _aCuadernos, serie histórica
_v; 12
590 _aBATCH-UPD
_b10
_c20130110
_lUCH01
_h1938
590 _aBATCH-UPD
_b10
_c20130410
_lUCH01
_h1301
590 _aBATCH-UPD
_b10
_c20130914
_lUCH01
_h1820
590 _aCONVERSION
_b10
_c20130109
_lUCH01
_h1321
650 1 4 _aMéxico
_xHistoria
_xColonia.
_976754
830 0 _aCuadernos, serie histórica
_v; 12
_929906
901 _aBK
942 _cFOLL
949 _aFolleto 9490
_bBC
_cFOLL
_d-99094
_eTS1
_i43162
_mD
_si
999 _c38070
_d38070